Concise dictionary of American literary biography [vol. 3] The twenties, 1917-1929

Bibliographic Details
Format: Book
Language:English
PhysicalDescription:11, 326 s. 4°
Published: Detroit Bruccoli Clark Layman Book 1988
ISBN:0810318199

MARC

LEADER 00000nam a2200000 a 4500
001 vtls001330245
003 SK-MaSNL
005 20260223125434.0
008 251124s1989 US 0 eng
020 |a 0810318199 
035 |a SNK000283106 
040 |a SNK  |b slo  |c SNK  |e AACR2 
041 0 |a eng 
044 |a US 
245 1 |a Concise dictionary of American literary biography  |n [vol. 3]  |p The twenties, 1917-1929  |c Matthew J. Bruccoli and Richard Layman, ed. directors 
260 |a Detroit  |b Bruccoli Clark Layman Book  |c 1988 
300 |a 11, 326 s.  |c 4° 
919 |a 0-8103-1819-9 
958 |a RK 
999 |c 545949  |d 547879 
952 |t snkCON/3 820(73):929  |a SNKUST  |b SNKUST  |y PREZ  |7 0  |p 17A0113442  |o snkIB 63490/3   |i snkZK 114/90  |0 0  |1 0  |4 0  |d 1998-05-05  |l 0  |r 2025-03-21 00:00:00  |w 2026-02-23